1561 1264 1948 1101 1762 1290 1294 1354 1819 1062 1623 1408 1345 1132 1120 1137 1490 1116 1466 1161 1865 1266 1455 1618 1577 1987 1457 1147 1478 1686 1675 1280 1223 1602 1614 1917 1213 1637 1804 1942 1936 1580 1323 1194 1006 1400 1702 1846 1076 1615 1209 1168 1715 1090 1060 1898 1961 1388 1204 1084 1461 1892 1164 1089 1183 1930 1236 1815 1904 1468 1937 1960 1845 1180 1929 1259 1748 1554 1888 1151 1347 1463 1179 1533 1183 1046 1368 1017 1352 1261 1461 1671 1671 1121 1868 1630 1354 1798 1371 BCNSPRNW ULIB Ver.6.0+V

เปลี่ยนเป็นภาษาไทย

Change to English
 แสดงรายละเอียดบรรณานุกรม
  กลับหน้าหลัก

Brief Record : Get Marc (ISO 2709) : E-mail record : QR code < ปิดหน้าต่าง
LEADER : 00000nam 2200000uu 4500
001    13399122253
003     ULIB
008    020711s2539 th a 000 0 tha d
020    9748968472
060    WQ209^bพ664ค
100    พิชัย เจริยพานิช
245    คู่มือก่อนคลอดสำหรับคุณแม่ /^cพิชัย เจริยพานิช
250    พิมพ์ครั้งที่ 3
260    กรุงเทพฯ :^b21 จำกัด,^c2539
300    169 หน้า
650    คู่มือ^xก่อนคลอด
945    ^p0^l0^i009193
รายการนี้ยังไม่มีแท็ก
คุณยังไม่ได้ล็อกอิน คุณสามารถมีกิจกรรมร่วมกับเว็บไซต์ได้ แต่ต้องล็อกอินก่อน ::
  ล็อกอิน

รายการสื่อสารสนเทศ

ลำดับที่ ประเภท เลขเรียก/บาร์โค้ด สถานที่ สถานะ
1. วิทยาศาสตร์การแพทย์ และสุขภาพ
วิทยาศาสตร์การแพทย์ และสุขภาพ
WQ209 พ664ค ฉ.1 
  Barcode: 009193
ห้องสมุดวิทยาเขตสวรรค์ประชารักษ์
►หนังสือทั่วไป
บนชั้น

BibComment


ยังไม่เคยถูกคอมเมนท์

คอมเมนท์ทรัพยากรรายการนี้
  คอมเมนท์: คู่มือก่อนคลอดสำห..


 Copyright 2026. Bcnsprnw @Library